Teoría del estado y del derecho
Kaydedildi:
| Yazar: | |
|---|---|
| Materyal Türü: | Kitap |
| Dil: | İspanyolca |
| Baskı/Yayın Bilgisi: |
Ciudad de México
Grijalbo
1966
|
| Edisyon: | 2a. ed |
| Seri Bilgileri: | Ciencias Económicas y Sociales
|
| Konular: | |
| Etiketler: |
Etiketle
Etiket eklenmemiş, İlk siz ekleyin!
|
MARC
| LEADER | 00000nam a2200000 a 4500 | ||
|---|---|---|---|
| 001 | UCT1251 | ||
| 003 | CL-VaPUC | ||
| 008 | 960927e19660000MX |||||||||||||||||spa|d | ||
| 082 | 0 | 4 | |a 320.101 |b ALE |2 21 |
| 100 | 0 | |a Alexandrov, Nikolai Grigorevich |e author |9 370017 | |
| 245 | 1 | 0 | |a Teoría del estado y del derecho |
| 250 | |a 2a. ed | ||
| 300 | |a 419 p | ||
| 942 | |c BK | ||
| 945 | |d 19960927 00:00:00 |a nastorga | ||
| 260 | |a Ciudad de México |b Grijalbo |c 1966 | ||
| 650 | 0 | |a Estado y derecho |9 255403 | |
| 650 | 0 | |a Ciencia política |9 324218 | |
| 650 | 0 | |a Teoría del Estado |9 255507 | |
| 650 | 0 | |a Teoría del derecho |9 255982 | |
| 650 | 0 | |a Sociedad |9 307903 | |
| 650 | 0 | |a Clases sociales |9 256858 | |
| 650 | 7 | |a SOCIALISMO DEL ESTADO |2 CL-VaPUC |9 370018 | |
| 650 | 0 | |a Comunismo |9 255588 | |
| 650 | 0 | |a Dictadura |9 341206 | |
| 650 | 0 | |a Proletariado |9 269152 | |
| 650 | 0 | |a Democracia |9 255256 | |
| 650 | 7 | |a LEGISLACION |2 CL-VaPUC |9 370019 | |
| 650 | 7 | |a FORMAS DE ESTADO |2 CL-VaPUC |9 257793 | |
| 583 | |a last modification |c 20190805 11:27:07 |k Rodrigo Vera | ||
| 490 | 0 | |a Ciencias Económicas y Sociales | |
| 999 | |c 251822 |d 251820 | ||
| 952 | |0 0 |1 0 |4 0 |6 320_101000000000000_ALE_1966 |7 0 |8 DER_TF |9 271266 |a BIBDER |b BIBDER |d 2019-11-19 |i 3232573 |l 1 |o 320.101 ALE 1966 |p 3232573 |r 2023-01-25 |s 2020-03-16 |w 2019-11-19 |x Ubicación 4to Piso |y BK |z Estos recursos deben solicitarse con anticipación |k DER | ||